000 00730nam a2200229 i 4500
003 DO-SdBNP
005 20240305115951.0
007 ta
008 110413s2005 dr 000 0 spa d
040 _aDO-SdBNP
_bspa
_cBNPHU
_erda
082 _axxx
_bC669
_222
100 1 _aGalván, William,
_d1953-
_915983
245 1 0 _aCódigo de ética de los servidores públicos de la alianza por la democracia :
_bin memorial Abelardo Vicioso
264 1 _aSanto Domingo :
_bAlianza por la Democracia,
_c2005.
300 _a12 páginas
_c21 cm.
336 _2rdacontent
_atexto
_btxt
337 _2rdamedia
_asin mediación
_bn
338 _2rdacarrier
_avolumen
_bnc
590 _aInventariado, 2023/ YL
910 _aDG
942 _2ddc
_cLF2
999 _c54630
_d54630